000 00408nam a2200157Ia 4500
003 IN-BaIIA
008 211028s9999 xx 000 0 eng d
040 _cIIA Library
080 _a521.1
_bAND
100 _aAndoyer, M. H.
_91504
245 0 _aCours de mecanique celeste
_bvol. II
_cM. H. Andoyer
260 _aParis
_bGauthier Villars
_c1926
300 _a445p.
650 _aCelestial mechanics
942 _cBK
999 _c705
_d705